000 00791nam0a22002291 4500
001 rc\2588548
005 20250623122634.0
035 _a(NLR Aleph) 006752888
090 _a5763171
_c5763171
100 _a20110914d1929 |||y0rusy50 ca
101 0 _arus
102 _aRU
105 _ay z |||||
200 1 _aИдея вооруженного восстания и большевистская работа в армии
_eПо документам и по памяти участника
_fН. Чужак
210 _aМосква
_cИзд-во политкаторжан
_d1929
215 _a130 с., [2] с. объявл.
_d20х14 см.
700 1 _aЧужак
_f1876-1937
801 0 _aRU
_bNLR
_gpsbo
801 1 _aRU
_bELAR
_2rusmarc
852 _aNLR
_j73/178
942 _cBOOK
980 _aNB